01189nam a2200337 a 45000010008000000030009000080050017000170070003000340080032000370200015000690400030000840820029001141000026001432450108001692600012002772640043002893000050003323360027003823370035004093380029004444900019004735340053004925900026005456500040005716500017006116540006006289100041006349420012006759520147006879990017008340000428DO-SdBPM20250812143033.0ta091125s1989 sp a 000 0 spa d a8432984280 aDO-SdBPMbspacBPMSUerda 4a745.5922bB328m 19892221 a Batek, OSkareautor 10aMarionetas de palo /clas ideas para la creación de este libro han sido aportadas por Oskar Batekb  a b c  aBarcelona : bEdiciones Ceac, c1989.  a61 páginas :bilustraciones ;c24 cm. e  atextobtxt2rdacontent asin mediación bn2rdamedia  avolumen bnc2rdacarrier0 a Nuevas ideas  pTítulo original. tEinfache scherenschnitte.  aInventariado, 2025/VM 7aTíteres y teatro de títeres.x  7aMuñecos.  v  a VMateo V. Control de calidad. BPMSU 2ddccBK 00102ddc708CI-GaBPMETbBPMETd2025-08-12eJosé Rafael Sosa l0oBPMSU CGI 745.5922 B328m 1989pBPMSU25080031r2025-08-12w2025-08-12yBK c15326d15326